000 00293nam a22001337a 4500
008 210527b ||||| |||| 00| 0 eng d
041 _aeng
080 _a33
082 _a33
100 _a52
101 _aEKO
245 _aA Journey Through Economic Time
_cGalbraith,J.K
942 _2udc
_cBK
999 _c57717
_d57717